000 00466nam a2200181Ia 4500
005 20240516011407.0
008 240331s9999 xx 000 0 und d
020 _a9559721100
082 _bDEL
_a334
100 _aDe Livera, R.D
245 0 _aCo-operative banking in Sri Lanka :
_bthe historical background
250 _a1 st
260 _aColombo
_bKarunaratne & Sons Ltd
_c2000
300 _a387, p .,
650 _aPolitical
650 _aEconomy
942 _cL
999 _c2736
_d2736